Normal view MARC view
  • Technological innovations

Entry Topical Term

Number of records used in: 1

001 - CONTROL NUMBER

  • control field: 91304

003 - CONTROL NUMBER IDENTIFIER

  • control field: NUST

005 - DATE AND TIME OF LATEST TRANSACTION

  • control field: 20220509102319.0

008 - FIXED-LENGTH DATA ELEMENTS

  • fixed length control field: 220509|| aca||aabn | a|a d

040 ## - CATALOGING SOURCE

  • Original cataloging agency: NUST
  • Transcribing agency: NUST

150 ## - HEADING--TOPICAL TERM

  • Topical term or geographic name entry element: Technological innovations
  • Geographic subdivision: United States
  • General subdivision: Management

670 ## - SOURCE DATA FOUND

  • Source citation: Work cat.: (NUST)0: Burrus, Daniel. 91303, Technotrends :, c1993.
© 2023 Central Library, National University of Sciences and Technology. All Rights Reserved.